| 000 | 00496pab a2200181 454500 | ||
|---|---|---|---|
| 008 | 180718b1997 xxu||||| |||| 00| 0 eng d | ||
| 100 | _aTanwar, Reicha | ||
| 245 | _aFemale child labour and education in Haryana | ||
| 260 | _c1997 | ||
| 300 | _ap.218-23 | ||
| 362 | _aSep-Dec | ||
| 650 | _aWomens education - India - Haryana | ||
| 650 | _aWomen workers - India - Haryana | ||
| 650 | _aChild labour - India - Haryana | ||
| 650 | _aChild labour | ||
| 773 | _aSocial Change | ||
| 909 | _a42953 | ||
| 999 |
_c42953 _d42953 |
||